Countries that have Controlled Murcia - Statistics

General Stats
  • This quiz has been taken 34 times
  • The average score is 8 of 22
Answer Stats
Years Countries % Correct
1479 - 1936 Spain
94%
1940 - Now Spain
94%
200BC - 408 Roman Empire
84%
755 - 1011 Cordoba
59%
1266 - 1479 Castille
56%
420 - 470 West Roman Empire
53%
624BC - 271BC Carthage
47%
220BC - 200BC Carthage
47%
711 - 755 Umayyad Caliphate
44%
552 - 711 Byzantine Empire
38%
1011 - 1014 Murcia
38%
1065 - 1078 Murcia
38%
1147 - 1173 Murcia
38%
1228 - 1266 Murcia
38%
1936 - 1939 Republican Spain
28%
1173 - 1228 Almohad Caliphate
13%
470 - 552 Visigothic Kingdom
13%
1939 Nationalist Spain
6%
1078 - 1147 Seville
6%
1014 - 1065 Almenia
0%
408 - 420 Kingdom of Alan
0%
250BC - 220BC Masaesyli
0%
No matching quizzes found
Score Distribution
Percent of People with Each Score
Percentile by Number Answered
Your Score History
You have not taken this quiz